Biggest Countries in Africa by Area - Sudden Death - Statistics

General Stats
  • This quiz has been taken 130 times
  • The average score is 7 of 15
Answers on the Grid
Answers color-coded by a green-red scale on the quiz's grid according to % correct below.
Ethiopia
Algeria
Madagascar
Sudan
South Africa
Botswana
Mali
Angola
Kenya
Chad
Cameroon
Niger
Democratic Republic of the Congo
Tanzania
Egypt
South Sudan
Mauritania
Somalia
Libya
Zambia
Nigeria
Mozambique
Central African Republic
Namibia
 
Answer Stats
Answer % Correct
Algeria
84%
Democratic Republic of the Congo
69%
South Africa
65%
Sudan
64%
Ethiopia
62%
Chad
45%
Angola
44%
Egypt
44%
Libya
40%
Mali
40%
Niger
37%
Mauritania
28%
Tanzania
27%
Namibia
25%
Nigeria
25%
No matching quizzes found
Score Distribution
Percent of People with Each Score
Percentile by Number Answered
Your Score History
You have not taken this quiz